000 00825nas a2200289 4500
001 BR2015003236
003 BR-BrBNA
005 20231205125400.0
007 ta
008 230509b bl.|||p| |||| 00| 00por d
040 _aBR-BrBNA
_bpor
_cBiblioteca Nacional de Agricultura
041 _a(Pt)
072 _aH60
100 1 _aJasper, S.P.
100 1 _aVelini, E.D.
100 1 _aRossetto, M.R.M.
100 1 _aCarbonari, C.A.
100 1 _aTrindade, M.L.B.
245 1 _aAplicação em subdose do haloxyfop-methyl na aveia-preta
650 _aAVEIA FORRAGEIRA
650 _aHERBICIDA
650 _aCRESCIMENTO
650 _aLIGNINA
773 0 _tCiência Rural (Brazil)
_xISSN 0103-8478
_g(Apr 2015), v. 45(4) p. 637-643
_wBR2015003236
909 _a202311
_bLúcia
_c55
_dLúcia Elande
942 _2AGRIS
_n0
_cANA
999 _c244087
_d244087